Ben Hur: (Record no. 49244)
| 000 -LEADER | |
|---|---|
| fixed length control field | 00634nam a2200157 4500 |
| 020 ## - INTERNATIONAL STANDARD BOOK NUMBER | |
| International Standard Book Number | 9781853262838 |
| 020 ## - INTERNATIONAL STANDARD BOOK NUMBER | |
| International Standard Book Number | 9781853262838 |
| 100 ## - MAIN ENTRY--PERSONAL NAME | |
| Personal name | Wallace, Lew. |
| 9 (RLIN) | 86504 |
| 245 ## - TITLE STATEMENT | |
| Title | Ben Hur: |
| Remainder of title | a tale of the Christ / |
| Statement of responsibility, etc | Lew Wallace. |
| 260 ## - PUBLICATION, DISTRIBUTION, ETC. (IMPRINT) | |
| Place of publication, distribution, etc | Great Britain: |
| Name of publisher, distributor, etc | Wordsworth Editions; |
| Date of publication, distribution, etc | 1996. |
| 300 ## - PHYSICAL DESCRIPTION | |
| Extent | 382 p. |
| Dimensions | 18 cm. |
| 520 ## - SUMMARY, ETC. | |
| Summary, etc | A wealthy young Jew and his family, experiencing changing fortunes under Roman tyranny, are affected by the life and teachings of a Nazarene named Jesus Christ. |
| 650 ## - SUBJECT ADDED ENTRY--TOPICAL TERM | |
| Topical term or geographic name as entry element | Bible. New Testament History of Biblical events. |
| Form subdivision | Fiction. |
| 9 (RLIN) | 86505 |
| 655 ## - INDEX TERM--GENRE/FORM | |
| Genre/form data or focus term | Historical. |
| 9 (RLIN) | 84425 |
| 942 ## - ADDED ENTRY ELEMENTS (KOHA) | |
| Source of classification or shelving scheme | |
| Koha item type | YA FIC BOOKS |
| Withdrawn status | Lost status | Source of classification or shelving scheme | Damaged status | Not for loan | Collection code | Home library | Current library | Shelving location | Date acquired | Full call number | Barcode | Date last seen | Price effective from | Koha item type |
|---|---|---|---|---|---|---|---|---|---|---|---|---|---|---|
| SECONDARY | Asian Hope Secondary Library | Asian Hope Secondary Library | SECONDARY | 08/12/2025 | YA FIC WAL | 208307 | 01/16/2026 | 08/12/2025 | YA FIC BOOKS |